| 000 | 00529nam a2200193 a 4500 | ||
|---|---|---|---|
| 001 | 1770813380301 | ||
| 003 | YourLibrary | ||
| 005 | 20260211180754.0 | ||
| 008 | 260211s1989##################000#0#eng## | ||
| 020 | _a9780820408576 | ||
| 082 | 0 | 4 |
_a306.7 _bARD |
| 100 | 1 |
_aArd, Ben N., _eauthor. |
|
| 245 | 1 | 0 | _aRational Sex Ethics : |
| 260 |
_bPeter Lang Incorporated, International Academic Publishers, _c1989. |
||
| 300 | _a256 pages | ||
| 650 | 0 | _aPhilosophy. | |
| 942 | _cENGLISH | ||
| 040 |
_aYourLibrary _beng _cYourLibrary |
||
| 999 |
_c611906 _d611906 |
||